000 00594cam a2200169 4500
001 T100501
008 000000n1954 000 0 eng u
035 _a(Sirsi) u100501
110 _aEngland and Wales
_bLands Tribunal
_91252
245 _aAbernant Hotel and Estate Company Ltd v Idwal Davies (VO)
260 _c1954
520 _aLVC/400/1953. 6 Oct 1954. Stored in offsite archives. Please ask library staff for further details
650 _aAbernant Hotel and Estate Company Ltd v Idwal Davies (VO)
650 _aRating
690 _aRating law and valuation-case law
942 _n0
999 _c60130
_d60130